O essencial para o básico: 6º ano

Guardado en:
Detalles Bibliográficos
Autor principal: Dias, Paulo Maria Bastos da Silva
Formato: Desconocido
Lenguaje:portugués
Publicado: Porto Asa 2002
Edición:4ª ed
Catálogo:MANES:  Resultados de Búsqueda del Catálogo
Clasificación de libros de texto:
Etiquetas: Agregar Etiqueta
Sin Etiquetas, Sea el primero en etiquetar este registro!
Añadido a:2016-04-26
Cambiado en:2025-04-25

MARC

LEADER 000000000a22000000004500
001 26890
003 OSt
005 20250425111420.0
008 160427s pt ||||| |||| 00| 0 por d
040 |c centro_manes 
041 1 |a por 
100 1 |a Dias, Paulo Maria Bastos da Silva  |9 15407 
245 0 0 |a O essencial para o básico: 6º ano 
250 |a 4ª ed 
260 3 |a Porto  |b Asa  |c 2002 
300 |a 223, [1] p.;  |c 22 cm 
561 |5 pt-BNP  |a Portugal. Biblioteca Nacional de Portugal  |k MANES 
690 |a CN 
691 |a SE 
942 |2 ddc  |c BK 
546 |a Portugal 
999 |c 28352  |d 28352 
999 |c manes:28352  |d 28352